000 00574nam a22002297a 4500
003 UA-OsUOA
001 84639
007 ta
008 20120606b un ||||| |||| 00| 0 ukr d
100 _aСтечишин М.
090 _a330
_bС79
942 _cBK
040 _aUA-OsUOA
_bukr
_cUA-OsUOA
_dUA-OsUOA
245 _aМашина, наука й економічні кризи
300 _a78 с.
955 _a2
041 _aukr
080 _a330
260 _aВінніпег
_c1941
650 7 _a330 Економіка взагалі
_2UDC
999 _c370953
_d370953